[Event "FRA Team Ch"]
[Site "SAUTRON"]
[Date "2002.??.??"]
[Round "6.6"]
[White "Vilaisarn, Akkhavanh"]
[Black "Vallin, Guillaume"]
[Result "0-1"]
[WhiteElo "2170"]
[BlackElo "2356"]
[PlyCount "94"]
[EventDate "2002.03.??"]
[WhiteTeam "Toulouse"]
[BlackTeam "Gonfreville"]

1. Nf3 e6 2. d4 Nf6 3. e3 b6 4. Bd3 Bb7 5. Nbd2 c5 6. c3 d5 7. O-O Bd6 8. Qe2
Ne4 9. dxc5 Nxc5 10. Bb5+ Nbd7 11. b4 Ne4 12. Nxe4 dxe4 13. Nd4 O-O 14. Bxd7
Qxd7 15. Rd1 Rfd8 16. Bb2 Qe7 17. a3 a5 18. Qb5 Qc7 19. Qh5 Bf8 20. Qe2 Bd5 21.
Rac1 Bc4 22. Qg4 f5 23. Qh3 g6 24. f4 h5 25. Qg3 Kf7 26. Qf2 Bg7 27. h3 Bf6 28.
b5 a4 29. Nc6 Rd3 30. Nb4 Rxd1+ 31. Rxd1 Rd8 32. Rxd8 Qxd8 33. Nc6 Qd1+ 34. Kh2
h4 35. Ne5+ Bxe5 36. fxe5 g5 37. g3 hxg3+ 38. Kxg3 Qh1 39. Qg2 f4+ 40. Kf2
fxe3+ 41. Kg3 Qe1+ 42. Kh2 Qd2 43. Bc1 Qxc1 44. Qxg5 Qd2+ 45. Kh1 Qe1+ 46. Kh2
Qf2+ 47. Kh1 Be2 0-1

[Event "FRA Team Ch"]
[Site "SAUTRON"]
[Date "2002.??.??"]
[Round "6.7"]
[White "Theon, Pierre"]
[Black "Dimitrov, Christo"]
[Result "1/2-1/2"]
[WhiteElo "2214"]
[BlackElo "2212"]
[PlyCount "93"]
[EventDate "2002.03.??"]
[WhiteTeam "Gonfreville"]
[BlackTeam "Toulouse"]

1. e4 c5 2. Nc3 e6 3. f4 Nc6 4. Nf3 d5 5. Bb5 Nge7 6. O-O a6 7. Bxc6+ Nxc6 8.
Qe2 Nd4 9. Qd3 Qb6 10. Kh1 Nxf3 11. Qxf3 dxe4 12. Nxe4 Bd7 13. b3 O-O-O 14. Bb2
h6 15. Qe3 f5 16. Nf2 Rg8 17. Nd3 g5 18. fxg5 hxg5 19. Bf6 Re8 20. Ne5 f4 21.
Qd3 Qd6 22. Qh7 Be7 23. Nc4 Qc7 24. Bxe7 Bc6 25. Nd6+ Kb8 26. Nxe8 Rxe8 27.
Rae1 e5 28. Rf2 Qxe7 29. Qxe7 Rxe7 30. d3 Kc7 31. Kg1 b5 32. h4 Kd6 33. hxg5
Rg7 34. Kf1 Rxg5 35. Ree2 Rh5 36. Re1 Rg5 37. Rfe2 b4 38. a3 a5 39. axb4 axb4
40. Ra1 e4 41. dxe4 Bb5 42. Rd1+ Ke6 43. Rdd2 Bxe2+ 44. Rxe2 Ke5 45. Kf2 Rg3
46. Re1 Rc3 47. Re2 1/2-1/2

[Event "FRA Team Ch"]
[Site "SAUTRON"]
[Date "2002.??.??"]
[Round "6.8"]
[White "Constantin, David"]
[Black "Gouret, Thierry"]
[Result "1/2-1/2"]
[WhiteElo "2097"]
[BlackElo "2270"]
[PlyCount "81"]
[EventDate "2002.03.??"]
[WhiteTeam "Toulouse"]
[BlackTeam "Gonfreville"]

1. e4 d5 2. exd5 Nf6 3. d4 Bg4 4. Nf3 Qxd5 5. Be2 e6 6. O-O Nc6 7. h3 Bh5 8.
Be3 Be7 9. c4 Qd7 10. Nc3 O-O-O 11. g4 Bg6 12. Ne5 Nxe5 13. dxe5 Qxd1 14. Raxd1
Ne4 15. Nxe4 Bxe4 16. f3 Bc2 17. Rxd8+ Rxd8 18. Rc1 Bd3 19. Bxd3 Rxd3 20. Kf2
a6 21. Ke2 Rd8 22. Rd1 Rh8 23. g5 Rd8 24. Rxd8+ Kxd8 25. Kd3 Kd7 26. Ke4 Kc6
27. f4 Bc5 28. Bd2 g6 29. b4 Bf8 30. a4 b6 31. Kd4 h6 32. gxh6 Bxh6 33. b5+
axb5 34. axb5+ Kd7 35. c5 bxc5+ 36. Kxc5 Bf8+ 37. Kc4 Be7 38. Be3 Ba3 39. Bd2
Kc8 40. Be3 Kb7 41. Bd2 1/2-1/2

[Event "FRA Team Ch"]
[Site "SAUTRON"]
[Date "2002.??.??"]
[Round "6.9"]
[White "Gervais, Claire"]
[Black "Mourgues, Joelle"]
[Result "1-0"]
[WhiteElo "2169"]
[BlackElo "1770"]
[PlyCount "87"]
[EventDate "2002.03.??"]
[WhiteTeam "Gonfreville"]
[BlackTeam "Toulouse"]

1. d4 Nf6 2. c4 e6 3. Nc3 Bb4 4. Qc2 O-O 5. Bg5 h6 6. Bh4 c5 7. dxc5 Nc6 8. e3
Bxc5 9. Nf3 b6 10. Be2 Bb7 11. Rd1 Be7 12. O-O Nb4 13. Qd2 d5 14. a3 Ne4 15.
Bxe7 Qxe7 16. Nxe4 dxe4 17. Qxb4 Qxb4 18. axb4 exf3 19. Bxf3 Bxf3 20. gxf3 Rac8
21. b3 Rc7 22. b5 Ra8 23. Rd6 Kf8 24. Ra1 Ke7 25. Rxb6 Rd8 26. Rba6 Rdd7 27.
Kf1 Kd8 28. Ke2 Kc8 29. Rd1 Kb8 30. Rad6 Rxd6 31. Rxd6 Kc8 32. e4 e5 33. Rc6
Rxc6 34. bxc6 a5 35. Kd3 Kc7 36. c5 g5 37. Kc4 Kxc6 38. b4 axb4 39. Kxb4 h5 40.
Kc4 g4 41. fxg4 hxg4 42. Kb4 Kc7 43. Kb5 f6 44. c6 1-0

[Event "FRA Team Ch"]
[Site "SAUTRON"]
[Date "2002.??.??"]
[Round "6.2"]
[White "Magem Badals, Jordi"]
[Black "Moreno Carnero, Javier"]
[Result "1/2-1/2"]
[WhiteElo "2502"]
[BlackElo "2503"]
[PlyCount "34"]
[EventDate "2002.03.??"]
[WhiteTeam "Orange"]
[BlackTeam "Noyon"]

1. e4 e6 2. d4 d5 3. Nc3 Nf6 4. Bg5 Bb4 5. e5 h6 6. Be3 Ne4 7. Qg4 Kf8 8. a3
Bxc3+ 9. bxc3 Nxc3 10. Bd3 c5 11. dxc5 Nc6 12. Nf3 f6 13. exf6 Qxf6 14. Qh5 e5
15. Bg6 Kg8 16. O-O Be6 17. Rae1 Bf7 1/2-1/2

[Event "FRA Team Ch"]
[Site "SAUTRON"]
[Date "2002.??.??"]
[Round "6.3"]
[White "Tirard, Hugo"]
[Black "Mellado Trivino, Juan"]
[Result "1/2-1/2"]
[WhiteElo "2401"]
[BlackElo "2447"]
[PlyCount "136"]
[EventDate "2002.03.??"]
[WhiteTeam "Noyon"]
[BlackTeam "Orange"]

1. e4 d5 2. exd5 Qxd5 3. Nc3 Qd6 4. d4 Nf6 5. Bc4 a6 6. Nf3 b5 7. Bb3 Bb7 8. a4
b4 9. Ne2 Bxf3 10. gxf3 e6 11. Bf4 Qc6 12. Qd3 Nbd7 13. a5 Bd6 14. O-O O-O 15.
c4 bxc3 16. Qxc3 Qb7 17. Rfc1 Rfb8 18. Bc4 Nd5 19. Bxd5 Qxd5 20. Qc6 Nf6 21.
Bxd6 cxd6 22. Qxd5 Nxd5 23. Nc3 Nf4 24. Rc2 Rc8 25. Rd2 Kf8 26. d5 e5 27. Na4
Ra7 28. Nb6 Rc5 29. h4 Rac7 30. b4 Rc3 31. Na8 Rc1+ 32. Kh2 R7c4 33. Rxc1 Rxc1
34. b5 axb5 35. a6 Ra1 36. Nc7 b4 37. Rb2 Ra4 38. Rc2 b3 39. Rc6 b2 40. Rb6 Ra2
41. Rb8+ Ke7 42. Rb7 Kd8 43. Kg3 Kc8 44. Ne8 Rxa6 45. Rxb2 g6 46. Nf6 h5 47.
Rc2+ Kd8 48. Rb2 Ke7 49. Ng8+ Kf8 50. Nf6 Kg7 51. Ne8+ Kh6 52. Rb7 Nxd5 53.
Rxf7 Nf4 54. Nf6 g5 55. hxg5+ Kg6 56. Rd7 Ne2+ 57. Kh2 Nd4 58. Ne4 Nxf3+ 59.
Kg3 Ra3 60. Kg2 Nxg5 61. Rxd6+ Kf5 62. Ng3+ Kg4 63. Rb6 Ra4 64. Nf1 h4 65. Ne3+
Kh5 66. Rb5 h3+ 67. Kg3 Ra1 68. Rxe5 Kg6 1/2-1/2

[Event "FRA Team Ch"]
[Site "SAUTRON"]
[Date "2002.??.??"]
[Round "6.4"]
[White "De La Riva Aguado, Oscar"]
[Black "Glavina, Pablo"]
[Result "1-0"]
[WhiteElo "2495"]
[BlackElo "2417"]
[PlyCount "79"]
[EventDate "2002.03.??"]
[WhiteTeam "Orange"]
[BlackTeam "Noyon"]

1. e4 e5 2. Nc3 Nc6 3. g3 Bc5 4. Bg2 d6 5. Na4 Nge7 6. Ne2 h5 7. h3 h4 8. d3
hxg3 9. fxg3 Be6 10. c3 Qd7 11. d4 exd4 12. cxd4 Bb4+ 13. Bd2 Bxd2+ 14. Qxd2
Ng6 15. Nf4 O-O-O 16. d5 Nb8 17. dxe6 Qxa4 18. Nxg6 fxg6 19. O-O Nc6 20. Rf7
Rde8 21. h4 Kb8 22. Qc3 Rxe6 23. Rxc7 Re5 24. Rxg7 Rc8 25. Qd2 Re6 26. Rf1 Rce8
27. Rff7 Nd8 28. Rd7 Qb5 29. Kh2 Qb6 30. a4 a5 31. Qd5 Nc6 32. Rxd6 Re5 33. Qd2
R8e7 34. Rxe7 Rxe7 35. Rxg6 Rf7 36. Qd6+ Ka7 37. Rf6 Rg7 38. Qd2 Qb3 39. Qf2+
Kb8 40. Rxc6 1-0

[Event "FRA Team Ch"]
[Site "SAUTRON"]
[Date "2002.??.??"]
[Round "6.5"]
[White "Karr, Jean-Philippe"]
[Black "Gachon, Lionel"]
[Result "1-0"]
[WhiteElo "2402"]
[BlackElo "2239"]
[PlyCount "71"]
[EventDate "2002.03.??"]
[WhiteTeam "Noyon"]
[BlackTeam "Orange"]

1. d4 d6 2. Nf3 Bg4 3. c4 Bxf3 4. exf3 g6 5. Nc3 Bg7 6. Be3 e6 7. Be2 Ne7 8.
Qb3 O-O 9. Rd1 Qc8 10. O-O Nf5 11. Rd2 Nc6 12. Qd1 Nce7 13. g4 Nxe3 14. fxe3 e5
15. dxe5 Bxe5 16. Qb3 Bg7 17. f4 Kh8 18. Bf3 Rb8 19. Nd5 Nxd5 20. cxd5 c5 21.
dxc6 bxc6 22. Qa3 Qc7 23. Rxd6 Rxb2 24. Rxc6 Qd8 25. Rf2 Rxf2 26. Kxf2 Qh4+ 27.
Kg2 g5 28. Qc5 gxf4 29. Rc8 Kg8 30. exf4 Qe1 31. Rxf8+ Bxf8 32. Qxa7 Qd2+ 33.
Kg3 Bd6 34. Qa8+ Kg7 35. Qe4 Bc5 36. Qe5+ 1-0

[Event "FRA Team Ch"]
[Site "SAUTRON"]
[Date "2002.??.??"]
[Round "6.6"]
[White "Guidarelli, Laurent"]
[Black "Peyrat, Olivier"]
[Result "1-0"]
[WhiteElo "2283"]
[BlackElo "2308"]
[PlyCount "61"]
[EventDate "2002.03.??"]
[WhiteTeam "Orange"]
[BlackTeam "Noyon"]

1. e4 c5 2. Nc3 e6 3. f4 a6 4. Nf3 b5 5. d4 cxd4 6. Nxd4 Bb7 7. Bd3 Bc5 8. Nb3
Bb6 9. Qe2 d6 10. Bd2 Ne7 11. O-O-O Nbc6 12. f5 Qd7 13. Rhf1 b4 14. fxe6 fxe6
15. Na4 Ba7 16. Be3 Ne5 17. Bxa7 Rxa7 18. Nb6 Qc7 19. Nc4 N7c6 20. Qf2 Bc8 21.
Nd4 Ng4 22. Qg1 Nce5 23. Nxd6+ Qxd6 24. Nb5 Qe7 25. Nxa7 Bb7 26. Qb6 Nf6 27.
Bxa6 Bxa6 28. Nc6 Nxc6 29. Qxc6+ Kf7 30. Qxa6 Qc5 31. Rd7+ 1-0

[Event "FRA Team Ch"]
[Site "SAUTRON"]
[Date "2002.??.??"]
[Round "6.7"]
[White "Carton, Camille"]
[Black "Guadalpi, David"]
[Result "1-0"]
[WhiteElo "2221"]
[BlackElo "2315"]
[PlyCount "41"]
[EventDate "2002.03.??"]
[WhiteTeam "Noyon"]
[BlackTeam "Orange"]

1. e4 c5 2. Nf3 d6 3. d4 cxd4 4. Nxd4 Nf6 5. Nc3 a6 6. Be2 e5 7. Nb3 Be7 8. a4
Be6 9. O-O O-O 10. Be3 Nc6 11. f4 exf4 12. Bxf4 Rc8 13. Kh1 Ne8 14. Nd5 Bg5 15.
Bg3 Ne5 16. c3 g6 17. a5 Bxd5 18. Qxd5 Nf6 19. Qd4 Qe7 20. Ra4 Rfd8 21. Rd1 1-0

[Event "FRA Team Ch"]
[Site "SAUTRON"]
[Date "2002.??.??"]
[Round "6.8"]
[White "Rouchouse, Stevens"]
[Black "Bernard, Jacques"]
[Result "1/2-1/2"]
[WhiteElo "2185"]
[BlackElo "2235"]
[PlyCount "106"]
[EventDate "2002.03.??"]
[WhiteTeam "Orange"]
[BlackTeam "Noyon"]

1. e4 c5 2. Nf3 Nc6 3. d4 cxd4 4. Nxd4 Nf6 5. Nc3 e5 6. Ndb5 d6 7. Bg5 a6 8.
Na3 b5 9. Nd5 Be7 10. Bxf6 Bxf6 11. c3 Bb7 12. Qf3 Bg5 13. h4 Bxh4 14. Qg4 Bg5
15. Rd1 h6 16. Nc2 O-O 17. g3 Ne7 18. f4 f5 19. Qh5 Bxd5 20. fxg5 Bxe4 21. Rh2
Qe8 22. Qxe8 Rfxe8 23. gxh6 d5 24. Bd3 Bxd3 25. Rxd3 gxh6 26. Nb4 Kg7 27. Nxd5
Nxd5 28. Rxd5 Rad8 29. Rhd2 Rxd5 30. Rxd5 Re6 31. Kf2 Kf6 32. Rd8 Ke7 33. Rd5
Kf6 34. Rd8 e4 35. Rf8+ Ke5 36. Rg8 Rd6 37. Ke2 Rd3 38. Rg6 Rd6 39. Rg8 Rd3 40.
Rg6 h5 41. Rg5 Rf3 42. Rg6 Rd3 43. Rg5 Rf3 44. Ke1 h4 45. gxh4 Rh3 46. Rg6 Rxh4
47. Rxa6 Rh1+ 48. Ke2 Rh2+ 49. Ke1 Rxb2 50. Rb6 Rxa2 51. Rxb5+ Kf4 52. Kd1 e3
53. c4 Rd2+ 1/2-1/2

[Event "FRA Team Ch"]
[Site "SAUTRON"]
[Date "2002.??.??"]
[Round "6.9"]
[White "Wolfangel, Florence"]
[Black "Dacalor, Aurelie"]
[Result "0-1"]
[WhiteElo "1960"]
[BlackElo "2137"]
[PlyCount "80"]
[EventDate "2002.03.??"]
[WhiteTeam "Noyon"]
[BlackTeam "Orange"]

1. d4 Nf6 2. c4 d6 3. Nc3 Bf5 4. f3 Nbd7 5. e4 Bg6 6. Be3 e5 7. d5 Be7 8. Nh3
O-O 9. Be2 Ne8 10. Qc1 c6 11. O-O f5 12. Qd1 f4 13. Bd2 Bf7 14. Nf2 Kh8 15. b4
Bg8 16. dxc6 bxc6 17. b5 Nb6 18. bxc6 Nxc4 19. Nd5 Nxd2 20. Qxd2 Nc7 21. Rab1
Nxd5 22. exd5 Rb8 23. Ba6 Rb6 24. Bb7 Qc7 25. a4 Bd8 26. Ne4 Qe7 27. a5 Rxb1
28. Rxb1 Bc7 29. Rb5 Rb8 30. a6 Qd8 31. Qf2 Bxd5 32. Kh1 Bc4 33. Rb2 d5 34. Nd2
Bxa6 35. Qxa7 Bd3 36. Qc5 e4 37. Qd4 Qh4 38. Qg1 e3 39. Nb3 e2 40. g3 fxg3 0-1

[Event "FRA Team Ch"]
[Site "VANDOEUVRE"]
[Date "2002.??.??"]
[Round "7.1"]
[White "Khenkin, Igor"]
[Black "Adams, Michael"]
[Result "1/2-1/2"]
[WhiteElo "2584"]
[BlackElo "2742"]
[PlyCount "58"]
[EventDate "2002.03.??"]
[WhiteTeam "Nancy"]
[BlackTeam "Cannes"]

1. d4 Nf6 2. c4 e6 3. Nf3 b6 4. a3 Ba6 5. Qc2 Bb7 6. Nc3 c5 7. e4 cxd4 8. Nxd4
Nc6 9. Nxc6 Bxc6 10. Qe2 Qb8 11. e5 Ng8 12. Bf4 Ne7 13. O-O-O a6 14. h4 h5 15.
Ne4 Nf5 16. Rh3 Qb7 17. Ng3 Nxg3 18. Rxg3 b5 19. cxb5 axb5 20. b4 Ra4 21. Qe3
Qa8 22. Rd4 Qa7 23. Rd3 Qxe3+ 24. Bxe3 f6 25. f4 Kf7 26. Be2 Be7 27. Bf3 Ra6
28. Kb2 Bxf3 29. Rxf3 d5 1/2-1/2

[Event "FRA Team Ch"]
[Site "VANDOEUVRE"]
[Date "2002.??.??"]
[Round "7.4"]
[White "Fontaine, Robert"]
[Black "Gormally, Dan"]
[Result "1/2-1/2"]
[WhiteElo "2469"]
[BlackElo "2506"]
[PlyCount "20"]
[EventDate "2002.03.??"]
[WhiteTeam "Cannes"]
[BlackTeam "Nancy"]

1. e4 c5 2. Nf3 d6 3. d4 cxd4 4. Nxd4 Nf6 5. Nc3 a6 6. Qf3 Nbd7 7. h3 g6 8. g4
Bg7 9. Be3 Ne5 10. Qg2 h5 1/2-1/2

[Event "FRA Team Ch"]
[Site "VANDOEUVRE"]
[Date "2002.??.??"]
[Round "7.5"]
[White "Spielmann, Alain"]
[Black "Gallagher, Joseph G"]
[Result "0-1"]
[WhiteElo "2307"]
[BlackElo "2503"]
[PlyCount "64"]
[EventDate "2002.03.??"]
[WhiteTeam "Nancy"]
[BlackTeam "Cannes"]

1. Nf3 d6 2. d4 g6 3. c4 Bg7 4. e4 Nf6 5. Nc3 O-O 6. Be2 e5 7. O-O Nc6 8. d5
Ne7 9. b4 Nh5 10. Re1 f5 11. Ng5 Nf6 12. Bf3 c6 13. Be3 cxd5 14. cxd5 h6 15.
Ne6 Bxe6 16. dxe6 fxe4 17. Nxe4 Nxe4 18. Bxe4 d5 19. Bc2 b6 20. Qd2 Kh7 21. f4
e4 22. Rad1 Qc8 23. Bb3 Bc3 24. Qe2 Bxe1 25. Bxd5 Nxd5 26. Rxd5 Qxe6 27. Re5
Qd6 28. Qxe1 Rae8 29. Rxe8 Rxe8 30. h3 Rc8 31. Qh4 Rc3 32. Qf2 Qd3 0-1

[Event "FRA Team Ch"]
[Site "VANDOEUVRE"]
[Date "2002.??.??"]
[Round "7.6"]
[White "Chabanon, Jean-Luc"]
[Black "Nezar, Mustapha"]
[Result "1/2-1/2"]
[WhiteElo "2483"]
[BlackElo "2380"]
[PlyCount "35"]
[EventDate "2002.03.??"]
[WhiteTeam "Cannes"]
[BlackTeam "Nancy"]

1. e4 c5 2. Nf3 d6 3. c3 Nf6 4. Bd3 Bg4 5. h3 Bh5 6. Be2 e6 7. d3 Nc6 8. Bg5
Be7 9. Nbd2 h6 10. Bf4 d5 11. exd5 Nxd5 12. Bh2 Bd6 13. Bxd6 Qxd6 14. Ne4 Qe7
15. Qb3 O-O 16. Ng3 Bg6 17. Qc4 Rac8 18. Rd1 1/2-1/2

[Event "FRA Team Ch"]
[Site "VANDOEUVRE"]
[Date "2002.??.??"]
[Round "7.8"]
[White "Anic, Darko"]
[Black "Philippe, Christophe"]
[Result "1/2-1/2"]
[WhiteElo "2457"]
[BlackElo "2325"]
[PlyCount "48"]
[EventDate "2002.03.??"]
[WhiteTeam "Cannes"]
[BlackTeam "Nancy"]

1. Nf3 g6 2. c4 Bg7 3. d4 f5 4. Nc3 Nf6 5. g3 O-O 6. Bg2 d6 7. O-O Qe8 8. d5 a5
9. Nd4 Na6 10. b3 Bd7 11. Rb1 Nc5 12. Bb2 g5 13. e3 Qg6 14. Re1 Ng4 15. f4 Kh8
16. Nf3 h6 17. Qc2 Rae8 18. a3 e5 19. h3 Nf6 20. fxe5 dxe5 21. b4 axb4 22. axb4
Nce4 23. Ne2 Nh7 24. Nd2 Nxd2 1/2-1/2

[Event "FRA Team Ch"]
[Site "VANDOEUVRE"]
[Date "2002.??.??"]
[Round "7.9"]
[White "Mourot, Clara"]
[Black "Leconte, Maria"]
[Result "0-1"]
[WhiteElo "2100"]
[BlackElo "2308"]
[PlyCount "62"]
[EventDate "2002.03.??"]
[WhiteTeam "Nancy"]
[BlackTeam "Cannes"]

1. d4 d5 2. c4 e6 3. Nf3 c5 4. cxd5 exd5 5. g3 Nc6 6. Bg2 Nf6 7. O-O Be7 8. Be3
c4 9. Ne5 O-O 10. b3 cxb3 11. Qxb3 Na5 12. Qa4 a6 13. Bd2 Nc4 14. Nxc4 b5 15.
Qa5 bxc4 16. Qxd8 Bxd8 17. Bf4 Ba5 18. Rc1 Bg4 19. e3 Bf5 20. Nc3 Rfd8 21. h3
Rac8 22. f3 h6 23. g4 Bg6 24. a3 Rd7 25. Ra2 Rb7 26. Na4 c3 27. Bf1 Rc6 28.
Raa1 c2 29. Nc5 Rb1 30. Bd3 Rxa1 31. Rxa1 Bd2 0-1

[Event "FRA Team Ch"]
[Site "VANDOEUVRE"]
[Date "2002.??.??"]
[Round "7.1"]
[White "Lutz, Christopher"]
[Black "Legky, Nikolay A"]
[Result "1-0"]
[WhiteElo "2644"]
[BlackElo "2485"]
[PlyCount "99"]
[EventDate "2002.03.??"]
[WhiteTeam "Vandoeuvre"]
[BlackTeam "Drancy"]

1. e4 e6 2. d4 d5 3. Nc3 a6 4. Bd3 Nc6 5. Nf3 Nb4 6. Be2 Nf6 7. e5 Ne4 8. O-O
c5 9. dxc5 Bxc5 10. Nxe4 dxe4 11. Qxd8+ Kxd8 12. Ng5 Nxc2 13. Nxf7+ Ke8 14.
Nxh8 Nxa1 15. Be3 Bxe3 16. fxe3 Nc2 17. Nf7 Nxe3 18. Nd6+ Kd7 19. Rf7+ Kc6 20.
Rxg7 Nf5 21. Rxh7 Nxd6 22. exd6 Bd7 23. h4 Kxd6 24. h5 Bb5 25. Kf2 Bxe2 26.
Kxe2 Rg8 27. Kf2 b5 28. Rf7 Ke5 29. h6 e3+ 30. Kxe3 Rxg2 31. Rf2 Rg8 32. h7 Rh8
33. Rh2 Kf5 34. b4 e5 35. Rh1 Kg6 36. Ke4 Kg7 37. a3 Kf6 38. Rh4 Kg5 39. Rh2
Kf6 40. Rh3 Kg7 41. Kxe5 Re8+ 42. Kd5 Kh8 43. Rh6 Rc8 44. Rxa6 Kxh7 45. Ra5 Rc3
46. Kd4 Rc4+ 47. Kd3 Rh4 48. Rxb5 Rh3+ 49. Kc4 Rxa3 50. Rg5 1-0

[Event "FRA Team Ch"]
[Site "VANDOEUVRE"]
[Date "2002.??.??"]
[Round "7.2"]
[White "David, Alberto"]
[Black "Van Den Doel, Erik"]
[Result "1/2-1/2"]
[WhiteElo "2516"]
[BlackElo "2585"]
[PlyCount "55"]
[EventDate "2002.03.??"]
[WhiteTeam "Drancy"]
[BlackTeam "Vandoeuvre"]

1. e4 e5 2. Nf3 Nc6 3. Bb5 a6 4. Ba4 Nf6 5. O-O Be7 6. Re1 b5 7. Bb3 O-O 8. c3
d5 9. exd5 Nxd5 10. Nxe5 Nxe5 11. Rxe5 c6 12. d4 Bd6 13. Re1 Qh4 14. g3 Qh3 15.
Re4 g5 16. Qe2 f5 17. Bxd5+ cxd5 18. Re6 f4 19. Rxd6 Bg4 20. Qf1 Qxf1+ 21. Kxf1
Rae8 22. Bd2 fxg3 23. hxg3 Bh3+ 24. Kg1 Re2 25. Be3 Rxe3 26. fxe3 Rf1+ 27. Kh2
g4 28. a4 1/2-1/2

[Event "FRA Team Ch"]
[Site "VANDOEUVRE"]
[Date "2002.??.??"]
[Round "7.3"]
[White "Glek, Igor V"]
[Black "Komarov, Dimitri"]
[Result "1/2-1/2"]
[WhiteElo "2601"]
[BlackElo "2537"]
[PlyCount "38"]
[EventDate "2002.03.??"]
[WhiteTeam "Vandoeuvre"]
[BlackTeam "Drancy"]

1. e4 e6 2. d4 d5 3. Nc3 Bb4 4. exd5 exd5 5. Bd3 Nc6 6. a3 Ba5 7. Be3 Nf6 8. h3
O-O 9. Nge2 h6 10. O-O Ne7 11. Ng3 c6 12. Nce2 Ng6 13. Nf4 Nh4 14. Nfh5 Bc7 15.
Nxf6+ Qxf6 16. Nh5 Qd8 17. Bf4 Bxf4 18. Nxf4 Qg5 19. g3 Bd7 1/2-1/2

[Event "FRA Team Ch"]
[Site "VANDOEUVRE"]
[Date "2002.??.??"]
[Round "7.4"]
[White "Godard, Maxence"]
[Black "Renet, Olivier"]
[Result "0-1"]
[WhiteElo "2383"]
[BlackElo "2494"]
[PlyCount "152"]
[EventDate "2002.03.??"]
[WhiteTeam "Drancy"]
[BlackTeam "Vandoeuvre"]

1. e4 c5 2. Nf3 d6 3. d4 cxd4 4. Nxd4 Nf6 5. Nc3 g6 6. Be2 Bg7 7. Nb3 O-O 8. g4
Nc6 9. g5 Nd7 10. Nd5 e6 11. Ne3 Nb6 12. f4 f5 13. gxf6 Rxf6 14. O-O Qf8 15.
Ng2 e5 16. Be3 Bh3 17. Qd2 exf4 18. Bxf4 Qe7 19. Qe3 Bxg2 20. Kxg2 Re8 21. Bg5
Qxe4+ 22. Qxe4 Rxe4 23. Bf3 Rf5 24. Bxe4 Rxg5+ 25. Kh1 Bxb2 26. Rad1 Be5 27.
Nd2 Rh5 28. Nf3 Bf4 29. Bxc6 bxc6 30. Rde1 Nd5 31. Re8+ Kg7 32. Ra8 Kh6 33.
Rxa7 g5 34. Rf7 Kg6 35. Rxf4 gxf4 36. Nd4 c5 37. Nb5 Ne3 38. Rxf4 Rd5 39. h3
Nxc2 40. a4 Rd2 41. Rc4 Nb4 42. Nxd6 Rxd6 43. Rxc5 Ra6 44. Kh2 Rxa4 45. Kg3 Ra6
46. Kg4 Rd6 47. Rg5+ Kf7 48. Rb5 Nd5 49. Ra5 Kg6 50. Ra8 Nf6+ 51. Kg3 Rd3+ 52.
Kh2 Rd2+ 53. Kg3 Nh5+ 54. Kg4 Rd4+ 55. Kf3 Rf4+ 56. Kg2 Rb4 57. Ra7 h6 58. Ra5
Ng7 59. Ra8 Rb2+ 60. Kf3 Rb3+ 61. Kg2 Nf5 62. Ra2 Kg5 63. Kh2 Rc3 64. Rb2 Kf4
65. Rf2+ Ke4 66. Rg2 Kf3 67. Rg6 Rc2+ 68. Kg1 Rd2 69. Rf6 Kf4 70. Rf8 Kg5 71.
Rf7 Nd4 72. Rh7 h5 73. Rh8 Kh4 74. Rh6 Ne2+ 75. Kf2 Ng3+ 76. Kf3 Kxh3 0-1

[Event "FRA Team Ch"]
[Site "VANDOEUVRE"]
[Date "2002.??.??"]
[Round "7.5"]
[White "Wirig, Anthony"]
[Black "Salaun, Yann"]
[Result "0-1"]
[WhiteElo "2304"]
[BlackElo "2409"]
[PlyCount "114"]
[EventDate "2002.03.??"]
[WhiteTeam "Vandoeuvre"]
[BlackTeam "Drancy"]

1. c4 e6 2. g3 d5 3. Bg2 c5 4. Nf3 Nc6 5. O-O Nf6 6. b3 Be7 7. Bb2 O-O 8. e3 d4
9. exd4 cxd4 10. Re1 Ne8 11. d3 f6 12. Na3 e5 13. Nc2 Nc7 14. a3 a5 15. Qd2 Na6
16. Rab1 Rb8 17. Bc1 Qd7 18. b4 axb4 19. axb4 b5 20. c5 Bb7 21. Bb2 Kh8 22. Ra1
Nc7 23. Kh1 Rbe8 24. Ng1 Nd5 25. Ne2 Bd8 26. Rf1 Bc7 27. Rae1 Nce7 28. Kg1 g5
29. Nc1 Ng6 30. Nb3 Bc6 31. Ra1 Ra8 32. Rxa8 Rxa8 33. Nc1 Kg7 34. Qe1 h5 35.
Be4 h4 36. Ne2 Rh8 37. Ncxd4 exd4 38. Nxd4 Nge7 39. Qd2 Be5 40. Nf5+ Nxf5 41.
Bxe5 Kf7 42. Ba1 Nde7 43. Qb2 Rh6 44. Re1 Bd5 45. Qe2 Ng7 46. Bb2 Nc6 47. Bc3
Ne6 48. Qg4 Bxe4 49. Qxe4 hxg3 50. hxg3 Ned4 51. Bxd4 Nxd4 52. g4 Rh4 53. Kf1
f5 54. Qa8 Nc6 55. Qa2+ Kf6 56. Qb2+ Nd4 57. Re3 Rxg4 0-1

[Event "FRA Team Ch"]
[Site "VANDOEUVRE"]
[Date "2002.??.??"]
[Round "7.6"]
[White "Moracchini, Fabrice"]
[Black "Paehtz, Elisabeth"]
[Result "1/2-1/2"]
[WhiteElo "2311"]
[BlackElo "2383"]
[PlyCount "44"]
[EventDate "2002.03.??"]
[WhiteTeam "Drancy"]
[BlackTeam "Vandoeuvre"]

1. d4 Nf6 2. c4 c5 3. d5 e5 4. Nc3 d6 5. e4 Be7 6. Bd3 Nbd7 7. Nf3 Nf8 8. h3 h6
9. Be3 N6h7 10. h4 Nf6 11. g3 Ng4 12. Bd2 Nh7 13. Ng1 a6 14. Be2 Ngf6 15. Nf3
Ng4 16. Ng1 Ngf6 17. Nf3 Bd7 18. Qc2 Rb8 19. a4 Ng4 20. Bd3 O-O 21. Ng1 Ngf6
22. f3 Ne8 1/2-1/2

[Event "FRA Team Ch"]
[Site "VANDOEUVRE"]
[Date "2002.??.??"]
[Round "7.7"]
[White "Brunner, Nicolas"]
[Black "Giffard, Nicolas"]
[Result "1/2-1/2"]
[WhiteElo "2238"]
[BlackElo "2303"]
[PlyCount "79"]
[EventDate "2002.03.??"]
[WhiteTeam "Vandoeuvre"]
[BlackTeam "Drancy"]

1. d4 Nf6 2. c4 e6 3. Nc3 Bb4 4. Qc2 O-O 5. a3 Bxc3+ 6. Qxc3 d6 7. Bg5 Nbd7 8.
e3 h6 9. Bh4 Re8 10. Bd3 e5 11. Ne2 e4 12. Bc2 c6 13. b4 Nf8 14. d5 cxd5 15.
Bxf6 Qxf6 16. Qxf6 gxf6 17. cxd5 Bd7 18. Nf4 f5 19. Kd2 Nh7 20. Bb3 Nf6 21.
Rhc1 Rec8 22. f3 Kf8 23. Rxc8+ Rxc8 24. Rc1 Rxc1 25. Kxc1 Bb5 26. Kd2 Ke7 27.
Kc3 exf3 28. gxf3 Nh7 29. h4 Nf8 30. Bc2 Bd7 31. Kd4 Ng6 32. Nxg6+ fxg6 33. f4
Kf6 34. Bd1 g5 35. hxg5+ hxg5 36. fxg5+ Kxg5 37. a4 f4 38. exf4+ Kxf4 39. a5
Bb5 40. Bh5 1/2-1/2

[Event "FRA Team Ch"]
[Site "VANDOEUVRE"]
[Date "2002.??.??"]
[Round "7.8"]
[White "Doornbos, Yann"]
[Black "Moret, Vincent"]
[Result "1-0"]
[WhiteElo "2334"]
[BlackElo "2184"]
[PlyCount "71"]
[EventDate "2002.03.??"]
[WhiteTeam "Drancy"]
[BlackTeam "Vandoeuvre"]

1. d4 Nf6 2. c4 c5 3. d5 b5 4. Nf3 g6 5. Nbd2 bxc4 6. e4 d6 7. Bxc4 Bg7 8. O-O
O-O 9. Re1 Nbd7 10. a4 a5 11. Bb5 Nb6 12. Qc2 Bd7 13. Bf1 Qc7 14. Ra3 Rfb8 15.
b3 Bc8 16. Bb2 Ba6 17. Bxa6 Rxa6 18. Nd4 Qd7 19. Nb5 Ne8 20. Bxg7 Kxg7 21. Nc4
f6 22. Qe2 Raa8 23. f4 Nc7 24. Nc3 Ra7 25. Rd1 Raa8 26. e5 fxe5 27. fxe5 Nxc4
28. e6 Qc8 29. bxc4 Qb7 30. Nb5 Rf8 31. Rh3 Ne8 32. Qe3 Nf6 33. Qh6+ Kg8 34. g4
Rad8 35. g5 Nh5 36. Rxh5 1-0

[Event "FRA Team Ch"]
[Site "VANDOEUVRE"]
[Date "2002.??.??"]
[Round "7.9"]
[White "Klipper, Rebecca"]
[Black "Barakoff, Annie"]
[Result "1-0"]
[WhiteElo "2072"]
[BlackElo "1810"]
[PlyCount "73"]
[EventDate "2002.03.??"]
[WhiteTeam "Vandoeuvre"]
[BlackTeam "Drancy"]

1. d4 d5 2. Nf3 Nf6 3. e3 g6 4. Bd3 Bg7 5. Nbd2 Bf5 6. Bxf5 gxf5 7. c4 c6 8.
Ne5 O-O 9. Qf3 e6 10. b3 Nbd7 11. Nd3 Rc8 12. Bb2 b6 13. Nf4 Re8 14. Qh3 Ne4
15. Nxe4 fxe4 16. Nh5 Nf6 17. Nxg7 Kxg7 18. f4 Rg8 19. Rf1 Kh8 20. f5 exf5 21.
Rxf5 Rg6 22. O-O-O Qg8 23. Rdf1 Qd8 24. Rxf6 Rxf6 25. Rxf6 Qg8 26. Rxf7 Qxf7
27. Qxc8+ Kg7 28. Qg4+ Kf8 29. Qf4 Qxf4 30. exf4 Kf7 31. Kd2 Kf6 32. Ke3 Kf5
33. h3 h5 34. g3 a6 35. cxd5 cxd5 36. Ba3 b5 37. Bc5 1-0